| Tag |
First Indicator |
Second Indicator |
Subfields |
| LEADER |
00000pam a2200000 a 4500 |
| 001 |
in00000082136 |
| 005 |
20151008055517.0 |
| 008 |
810114r19811972nyuacf 00110aengm |
| 010 |
|
|
|a 80028587
|
| 020 |
|
|
|a 0306760940 :
|c $22.50
|
| 035 |
|
|
|a (OCoLC)07206630
|
| 035 |
|
|
|9 AAJ3657AM
|
| 039 |
0 |
|
|a 2
|b 3
|c 3
|d 3
|e 3
|
| 040 |
|
|
|a DLC
|c DLC
|d m.c.
|d TXA
|d UtOrBLW
|
| 043 |
|
|
|a e-uk-en
|
| 049 |
|
|
|a TXAM
|c [1196192]
|
| 050 |
1 |
0 |
|a ML422.H18
|b A3 1981
|
| 082 |
0 |
|
|a 785/.092/4
|a B
|2 19
|
| 100 |
1 |
|
|a Hallé, Charles,
|d 1819-1895.
|
| 240 |
1 |
0 |
|a Life and letters of Sir Charles Hallé
|
| 245 |
1 |
4 |
|a The autobiography of Charles Halle :
|b with correspondence and diaries /
|c edited with an introduction by Michael Kennedy.
|
| 264 |
|
1 |
|a New York :
|b Da Capo Press,
|c 1981
|
| 264 |
|
4 |
|c ©1972
|
| 300 |
|
|
|a 215 pages, 8 unnumbered pages of plates :
|b illustrations, portraits ;
|c 23 cm.
|
| 336 |
|
|
|a text
|b txt
|2 rdacontent
|
| 337 |
|
|
|a unmediated
|b n
|2 rdamedia
|
| 338 |
|
|
|a volume
|b nc
|2 rdacarrier
|
| 490 |
1 |
|
|a Da Capo Press music reprint series
|
| 500 |
|
|
|a Reprint. Originally published: London : Elek, 1972.
|
| 500 |
|
|
|a Includes index.
|
| 600 |
1 |
0 |
|a Hallé, Charles,
|d 1819-1895.
|
| 650 |
|
0 |
|a Musicians
|z England
|v Biography.
|
| 650 |
|
0 |
|a Musicians
|z England
|x Correspondence.
|
| 700 |
1 |
|
|a Kennedy, Michael,
|d 1926-2014.
|
| 830 |
|
0 |
|a Da Capo Press music reprint series.
|
| 999 |
|
|
|a MARS
|
| 999 |
f |
f |
|s 214cf862-aa15-3ffb-934c-d9e7fed64644
|i d2397fd3-0e36-36b6-829a-1d351d8b9e45
|t 0
|
| 952 |
f |
f |
|p ric
|a Texas A&M University
|b Rellis Campus
|c Joint Library Facility
|d Remote Storage
|t 0
|e ML422.H18 A3 1981
|h Library of Congress classification
|i unmediated -- volume
|m A14806165562
|
| 998 |
f |
f |
|a ML422.H18 A3 1981
|t 0
|l Remote Storage
|